| 000 | 00955cab a2200277 4500 | ||
|---|---|---|---|
| 001 | ABS59269 | ||
| 008 | 090401t1998 xxu||||| |||| 00| 0 eng d | ||
| 035 | _a(Sirsi) u88454 | ||
| 041 | _aeng | ||
| 100 | _aWestbrook, T. | ||
| 245 | _aWhat to do about shopping centre service charges? | ||
| 260 | _c1998 | ||
| 350 | _a0 | ||
| 490 |
_aCSM _bChartered Surveyor Monthly _v8(1) September 1998, 42-43(2) |
||
| 520 | _aExamines whether the property industry should introduce a greater degree of self-regulation. Reports on the government`s plans for legislation to protect shopping centre tenants from unreasonable rises in service charges. | ||
| 650 | _aHOUSING ACT 1995 | ||
| 650 | _aLANDLORD AND TENANT ACT 1985 | ||
| 650 | _aLEGISLATION | ||
| 650 | _aSELF-REGULATION | ||
| 650 | _aSERVICE CHARGES | ||
| 650 | _aSHOPPING CENTRES | ||
| 690 | _aPROPERTY-COMMERCIAL PROPERTY | ||
| 700 | _aBanfield, A, | ||
| 942 | _n0 | ||
| 948 | _c14/09/1998 | ||
| 999 |
_c55876 _d55876 |
||